Welcome to WEB OPAC of MRSPTU Central Library

Control of machines (Record no. 4427)

MARC details
000 -LEADER
fixed length control field 00461nam a2200181Ia 4500
008 - FIXED-LENGTH DATA ELEMENTS--GENERAL INFORMATION
fixed length control field 230711s9999||||xx |||||||||||||| ||und||
020 ## - INTERNATIONAL STANDARD BOOK NUMBER
International Standard Book Number 81-224-1818-X
041 ## - LANGUAGE CODE
Language code of text/sound track or separate title ENG
082 ## - DEWEY DECIMAL CLASSIFICATION NUMBER
Classification number 621.31042
Item number BH-C
100 ## - MAIN ENTRY--PERSONAL NAME
Personal name Bhattacharya.S.K
245 #0 - TITLE STATEMENT
Title Control of machines
250 ## - EDITION STATEMENT
Edition statement 2nd . . Ed.
260 ## - PUBLICATION, DISTRIBUTION, ETC.
Date of publication, distribution, etc. 2010
Place of publication, distribution, etc. New Delhi
Name of publisher, distributor, etc. New Age International Publishers
300 ## - PHYSICAL DESCRIPTION
Extent 337
650 ## - SUBJECT ADDED ENTRY--TOPICAL TERM
Topical term or geographic name entry element Electrical Engineering
700 ## - ADDED ENTRY--PERSONAL NAME
Personal name Brijender,Singh
942 ## - ADDED ENTRY ELEMENTS (KOHA)
Koha item type Book
Holdings
Withdrawn status Lost status Damaged status Not for loan Collection Home library Current library Date acquired Total checkouts Full call number Barcode Date last seen Price effective from Koha item type
          MRSPTU Central Library MRSPTU Central Library     621.31042 BH-C 15131 08/17/2023 08/17/2023 Book
          MRSPTU Central Library MRSPTU Central Library     621.31042 BH-C 15132 08/17/2023 08/17/2023 Book
          MRSPTU Central Library MRSPTU Central Library     621.31042 BH-C 17754 08/17/2023 08/17/2023 Book
          MRSPTU Central Library MRSPTU Central Library     621.31042 BH-C 17755 08/17/2023 08/17/2023 Book
          MRSPTU Central Library MRSPTU Central Library     621.31042 BH-C 17756 08/17/2023 08/17/2023 Book
          MRSPTU Central Library MRSPTU Central Library     621.31042 BH-C 17757 08/17/2023 08/17/2023 Book
          MRSPTU Central Library MRSPTU Central Library     621.31042 BH-C 17758 08/17/2023 08/17/2023 Book
          MRSPTU Central Library MRSPTU Central Library     621.31042 BH-C 18747 08/17/2023 08/17/2023 Book
          MRSPTU Central Library MRSPTU Central Library     621.31042 BH-C 18748 08/17/2023 08/17/2023 Book
          MRSPTU Central Library MRSPTU Central Library     621.31042 BH-C 18749 08/17/2023 08/17/2023 Book
          MRSPTU Central Library MRSPTU Central Library     621.31042 BH-C 18750 08/17/2023 08/17/2023 Book
          MRSPTU Central Library MRSPTU Central Library     621.31042 BH-C 18751 08/17/2023 08/17/2023 Book
          MRSPTU Central Library MRSPTU Central Library     621.31042 BH-C 18752 08/17/2023 08/17/2023 Book
          MRSPTU Central Library MRSPTU Central Library     621.31042 BH-C 18753 08/17/2023 08/17/2023 Book
          MRSPTU Central Library MRSPTU Central Library     621.31042 BH-C 18754 08/17/2023 08/17/2023 Book
          MRSPTU Central Library MRSPTU Central Library     621.31042 BH-C 18755 08/17/2023 08/17/2023 Book
          MRSPTU Central Library MRSPTU Central Library     621.31042 BH-C 18756 08/17/2023 08/17/2023 Book
          MRSPTU Central Library MRSPTU Central Library     621.31042 BH-C 19253 08/17/2023 08/17/2023 Book
          MRSPTU Central Library MRSPTU Central Library     621.31042 BH-C 19254 08/17/2023 08/17/2023 Book
          MRSPTU Central Library MRSPTU Central Library     621.31042 BH-C 19255 08/17/2023 08/17/2023 Book
          MRSPTU Central Library MRSPTU Central Library     621.31042 BH-C 19256 08/17/2023 08/17/2023 Book
          MRSPTU Central Library MRSPTU Central Library     621.31042 BH-C 19257 08/17/2023 08/17/2023 Book

Website Designed and Developed by MRSPTU Central Library Team

E-mail Id: librarian@mrsptu.ac.in